Personálna stratégia podniku diplomová práca

Saved in:
Bibliographic Details
Main Author: Kuna, Ladislav
Corporate Author: Fakulta podnikového manažmentu EU. Katedra manažmentu
Other Authors: Blštáková, Jana, 1980-
Format: Book
Language:Slovak
Published: Bratislava 2023
Tags: Add Tag
No Tags, Be the first to tag this record!

MARC

LEADER 00000nbm a2200000 4500
001 0293525
005 20240221085207.4
041 0 |a slo 
044 |a SK 
245 1 0 |a Personálna stratégia podniku  |b diplomová práca  |c Ladislav Kuna ; školiteľ: Jana Blštáková 
264 1 |a Bratislava  |c 2023 
300 |a 60 s. 
100 1 |a Kuna, Ladislav 
700 1 |a Blštáková, Jana, 1980- 
710 2 |a Fakulta podnikového manažmentu EU. Katedra manažmentu